| 000 | 00619nam a22002177a 4500 | ||
|---|---|---|---|
| 005 | 20170124110106.0 | ||
| 010 | _aA-701508 | ||
| 020 | _c00.00 | ||
| 035 | _aA-701508 | ||
| 037 | _bCen Lib/Ret | ||
| 040 |
_aDPL _bEN |
||
| 082 |
_aS _bDES |
||
| 100 |
_aDeshpande, Shashi _917792 |
||
| 245 |
_aThe intrusion : _cby Shashi Deshpande _band other stories / |
||
| 260 |
_bPenguin Books _c1993 _aNew Delhi |
||
| 270 |
_a210, chiranjivi tower, 43 nehru _bNew Delhi _e110019 |
||
| 300 |
_a156p. _c17cm(Hb) |
||
| 650 |
_aLiterature - stories _976259 |
||
| 650 |
_aEnglish - stories _926733 |
||
| 942 |
_2ddc _cEN _hS _mDES |
||
| 999 |
_c130047 _d130047 |
||